000 00762nam a22002417a 4500
003 NALT
005 20250915140111.0
008 s2010 eng d
020 _a9780230243828
040 _aNALT
041 _aeng
050 _aPR 2812.A2
_bS37H 2010
100 1 _aShakespeare, William.
_934498
245 1 0 _aHenry V /
_cWilliam Shakespeare ; edited by Jonathan Bate and Eric Rasmussen.
260 _aHampshire, England :
_bMacmillan,
_c2010.
300 _a233 p. :
_bill. ;
_c20 cm.
600 1 0 _aHenry V,
_cKing of England,
_d1387-1422
_xDrama
_935545
650 0 _aEnglish literature
_935544
_yEarly modern, 1500-1700
700 1 _aBate, Jonathan
_935540
700 1 _aRasmussen, Eric
_935541
850 _aNALT
942 _cGB
_2lcc
999 _c74045
_d74045
998 _j104
_k นางสาวสายฝน ดีงาม